[Event "Norm Congress-GM 2018"]
[Site "Saint Louis"]
[Date "2018.02.11"]
[Round "6"]
[White "Patel, Advait"]
[Black "Paragua, Mark"]
[Result "1-0"]
[WhiteElo "2478"]
[BlackElo "2513"]
[Annotator "TA"]
[PlyCount "81"]
[EventDate "2018.??.??"]
[EventType "schev"]
[EventCountry "USA"]
[SourceTitle "playchess.com"]
[Source "ChessBase"]
[SourceQuality "1"]

{[%evp 17,81,2,23,2,8,-19,0,0,20,10,21,29,45,33,33,35,49,0,0,0,0,-10,-14,-113,0,0,0,-43,0,-19,-22,-19,-35,-20,207,181,329,318,370,167,443,455,568,562,593,596,595,454,420,416,454,444,478,472,589,596,828,533,562,518,624,604,1039,1025,1266,1241]} 1. e4 c5 2. Nf3 e6 3. d4 cxd4 4. Nxd4 a6 5. Bd3 Ne7 6. c4 Nbc6 {B42: Sicilian: Kan Variation: 5 Bd3} (6... Nec6 7. Nf3 d6 8. O-O Be7 9. Nc3 O-O 10. h3 b6 11. Be3 Nd7 12. Rc1 Bb7 13. a3 Rc8 14. b4 {0-1 (58) Amonatov,F (2636)-Artemiev,V (2691) Riadh 2017}) 7. Nc2 g6 8. O-O Bg7 9. Nc3 O-O {LiveBook: 7 Games} 10. Be2 $146 ({Find the theoretical novelty and annotate with similar games:} 10. Bg5 f5 11. Qd2 Ne5 12. Rab1 h6 13. Be3 f4 14. Bc5 {0-1 (24) Vas,P (2138)-Tokarski,L (2164) Barlinek 2007}) 10... f5 11. Bf4 fxe4 12. Bd6 b6 13. Nxe4 Bb7 14. Ba3 Rb8 15. Nd6 {[%cal Be4d6,Bd6b5,Bb5c3][%mdl 32]} Ba8 16. Qd2 b5 {Threatens to win with ...b4!} 17. cxb5 axb5 18. Nxb5 {aiming for Bd6.} Rf5 $1 {[%cal Rf5b5]} 19. Nc3 Nd5 20. Bd3 (20. Bg4 $11 Qg5 21. Qxg5 Rxg5 22. Nxd5 Rxg4 23. Nde3) 20... Rh5 ({Black should play} 20... Nf4 $1 $17 21. Bxf5 Qg5) 21. Be2 $36 {[%cal Bd3e2,Be2f3,Bf3g2][%mdl 2080] Black is under pressure.} Rf5 22. Rad1 Qh4 {...Nf4 is the strong threat.} 23. Nxd5 Rxd5 24. Qc1 Rg5 25. Bf3 d5 $2 ({Much weaker is} 25... Ne5 $6 26. Bxa8 Rxa8 27. f4 $16) (25... Rf5 $11 {and Black is okay.} 26. Bd6 {[#]} (26. Rxd7 $2 Rxf3 27. Rxg7+ Kxg7 $19) 26... Rxf3 $1 {[%mdl 512]} 27. gxf3 Be5 $1 {[%mdl 512]}) 26. g3 $18 Ne5 (26... Qh6 {keeps fighting.} 27. Bd6 Bxb2) 27. Bg2 Qh5 28. Be7 (28. Nd4 $142 Rf5 29. Nxe6) 28... d4 $2 (28... Rf5) 29. Nxd4 (29. Bxg5 $2 {gets mated.} Nf3+ 30. Bxf3 Qxf3 31. Nxd4 Qh1#) 29... Bxg2 30. Kxg2 ({Worse is} 30. Bxg5 Qh3 $11) 30... Rf5 31. Nxf5 Qxf5 32. Qf4 Rxb2 33. Qxf5 gxf5 34. a3 {White is clearly winning.} Nc4 35. Bc5 Nd2 36. Rfe1 Ne4 37. Be3 Ra2 38. Rd3 Bf8 39. Rb1 Rxa3 40. Rd8 Kf7 41. Rb7+ {Precision: White = 57%, Black = 20%.} 1-0

[Event "Norm Congress-GM 2018"]
[Site "Saint Louis"]
[Date "2018.02.11"]
[Round "6"]
[White "Bartholomew, John"]
[Black "Abrahamyan, Tatev"]
[Result "0-1"]
[WhiteElo "2472"]
[BlackElo "2332"]
[Annotator "TA"]
[PlyCount "132"]
[EventDate "2018.??.??"]
[EventType "schev"]
[EventCountry "USA"]
[SourceTitle "playchess.com"]
[Source "ChessBase"]
[SourceQuality "1"]

{[%evp 25,132,20,20,20,8,0,9,-16,0,0,0,-13,0,2,0,0,0,0,10,31,27,0,0,0,0,0,8,0,22,0,0,0,0,0,55,0,0,-29,-17,-119,-128,-129,-104,-122,-111,-397,-136,-129,-160,-129,-147,-124,-168,-162,-116,-389,-351,-486,-479,-372,-342,-617,-582,-1223,-1160,-1082,-1060,-1202,-1140,-925,-1022,-1478,-1429,-1358,-1344,-1185,-1037,-1140,-1170,-972,-959,-3585,-3177,-29967,-29967,-29962,-12795,-12718,-12690,-11241,-10752,-5716,-6607,-29977,-29979,-29978,-29977,-29975,-29978,-29986,-29987,-29987,-29988,-29991,-29992,-29993,-29994,-29997,-29998]} 1. d4 Nf6 2. c4 e6 3. Nf3 b6 4. g3 Bb7 5. Bg2 Be7 6. O-O O-O 7. Nc3 Ne4 8. Bd2 Bf6 9. Rc1 d6 10. d5 Nxc3 11. Bxc3 Bxc3 12. Rxc3 e5 13. e4 a5 14. Nd2 {E18: Queen's Indian: Old Main Line (4 g3 Bb7 5 Bg2 Be7 6 0-0 0-0 7 Nc3)} Nd7 15. f4 {[#]} c6 $146 ({Predecessor:} 15... Qe7 16. Nf3 f6 17. Re1 Nc5 18. Rce3 Bc8 19. Qc2 Bd7 20. b3 Rfb8 21. a3 b5 22. cxb5 Rxb5 {1-0 (55) Nakamura,H (2785)-Anton Guijarro,D (2650) Caleta 2017}) 16. a4 {The position is equal.} cxd5 17. exd5 exf4 18. Rxf4 Ne5 19. Nf3 Nxf3+ 20. Qxf3 Qc7 21. Qf2 Ba6 22. Rb3 Rab8 $1 23. Re4 f5 24. Re1 Qc5 25. Bf1 f4 26. g4 Qc7 27. Re4 g5 28. h4 Qd7 29. Re6 Qxa4 (29... Bc8 $11) 30. Rh3 (30. Qc2 $14 Rb7 31. hxg5) 30... Qd1 $11 ({Of course not} 30... Bxc4 $6 31. Re4 $16) 31. Kh2 Bc8 32. Re1 (32. Re7 $11 {keeps the balance.} Qxg4 33. hxg5) 32... Qxg4 $17 33. hxg5 Rb7 $36 {[%mdl 2048] Keeping White busy.} 34. Rh4 Qxg5 {White must now prevent ...Rg7.} 35. Bd3 $2 {[%mdl 8192] [#]} (35. Bh3 $17 Qg3+ 36. Qxg3+ fxg3+ 37. Kxg3) 35... Rg7 $2 (35... h5 $1 $19 {has better winning chances. Hoping for ...Bg4.} 36. Kh1 Rg7) 36. Rg1 Qxg1+ 37. Qxg1 Rxg1 38. Kxg1 Bf5 39. Bxf5 Rxf5 $19 {[%mdl 4096] Endgame KR-KR} 40. Kf2 $2 {[%mdl 8192]} (40. Rh3 $17) 40... Kg7 41. Kf3 h5 42. Rh1 Kf6 43. Re1 $2 (43. b3) 43... Re5 44. Rh1 Kg5 45. Rg1+ Kf5 46. Rg8 Re3+ 47. Kf2 Rb3 48. Re8 Rxb2+ 49. Kf3 Rb3+ 50. Kf2 Rc3 51. Re6 Rxc4 52. Rxd6 Rd4 53. Rxb6 Rxd5 54. Ra6 h4 55. Ra8 h3 (55... Kg4 $142 56. Rg8+ Rg5 57. Rc8 h3 58. Rc7 Rh5 59. Kg1 f3 60. Rc2 Re5 61. Rc8 Re1+ 62. Kf2 {[#]} h2 $1 {[%mdl 512]} 63. Rg8+ Kf5 64. Kxe1 h1=Q+ 65. Kf2 Qh7 66. Rg3 Qh2+ 67. Kxf3 Qxg3+ 68. Kxg3 Ke5 69. Kf3 a4 70. Ke3 a3 71. Kf3 a2 72. Ke3 a1=Q 73. Kd3 Qc1 74. Ke2 Qc3 75. Kf1 Qd2 76. Kg1 Kf4 77. Kh1 Kg3 78. Kg1 Qg2#) 56. Kf3 Rd3+ 57. Kf2 Ra3 58. Rh8 a4 {[%cal Ba5a4,Ba4a3,Ba3a2][%mdl 32]} 59. Ra8 Ra1 {Black mates.} 60. Rh8 h2 61. Rxh2 a3 62. Kf3 Rf1+ 63. Kg2 {[#]} a2 $1 {[%mdl 512]} 64. Rh5+ Kg4 65. Rh8 f3+ 66. Kh2 Rf2+ {Precision: White = 36%, Black = 69%.} 0-1

[Event "Norm Congress-GM 2018"]
[Site "Saint Louis"]
[Date "2018.02.11"]
[Round "6"]
[White "Boros, Denes"]
[Black "Chandra, Akshat"]
[Result "0-1"]
[WhiteElo "2445"]
[BlackElo "2510"]
[Annotator "TA"]
[PlyCount "100"]
[EventDate "2018.??.??"]
[EventType "schev"]
[EventCountry "USA"]
[SourceTitle "playchess.com"]
[Source "ChessBase"]
[SourceQuality "1"]

{[%evp 9,100,14,26,12,6,21,29,28,21,0,2,0,0,-27,-10,-40,-41,-37,-21,-30,-38,-41,-38,-67,-63,-80,-46,-44,-53,-40,-44,-54,-66,-112,-118,-129,-44,-40,-45,-50,-50,-49,-52,-72,-56,-56,-60,-64,-37,-99,-112,-205,-212,-274,-248,-275,-275,-252,-242,-285,-255,-372,-367,-360,-339,-392,-323,-329,-229,-225,-218,-259,-259,-279,-285,-365,-352,-351,-352,-356,-294,-620,-614,-597,-584,-743,-695,-696,-683,-747,-719,-1077,-60]} 1. e4 e5 2. Bc4 Nf6 3. d3 Nc6 4. a4 (4. Nf3 Be7 5. O-O O-O 6. Nc3 d6 7. a3 Bg4 8. Be3 Nd4 9. Bxd4 exd4 10. Nd5 Nxd5 11. Bxd5 c6 12. Bb3 Kh8 13. h3 Bh5 14. Re1 Bf6 15. g4 Bg6 {1-0 (68) Fressinet,L (2662)-Bu,X (2730) Riadh 2017}) 4... Bc5 5. c3 a6 6. Bg5 $146 {C24: Bishop's Opening: 2...Nf6} ({Predecessor:} 6. b4 Ba7 7. Nf3 d6 8. Na3 h6 9. Nc2 O-O 10. Bb3 Be6 11. Bxe6 fxe6 {½-½ (41) Friedrich,W-Urban,M (2235) Augsburg 1994}) 6... h6 7. Bh4 Be7 8. Nd2 {White has an edge.} O-O 9. Ne2 Nh5 10. Bxe7 Nxe7 11. Nf3 d6 12. h3 Ng6 13. O-O c6 14. Bb3 Qf6 15. Ng3 Nhf4 $1 16. Kh2 Be6 17. Bc2 d5 18. d4 $1 Rad8 19. Re1 dxe4 20. Nxe4 Qe7 $1 21. Bb3 exd4 22. cxd4 {[#]} Qc7 (22... Nh4 $1 $17 {[%cal Rh4g2]} 23. Bxe6 Nxe6) 23. Kg1 $15 Bd5 24. Rc1 Ne6 25. Bxd5 Rxd5 26. Nc5 Ngf4 27. Nb3 Rfd8 28. h4 Ng6 29. Rc4 ({White should play} 29. Qd2 $15) 29... Qf4 30. Qe2 (30. g3 $17 Qf5 31. Qe2) 30... Nxh4 $19 31. Ne5 Nxd4 32. Rxd4 Rxd4 33. Nxd4 Rxd4 34. Nd7 {Hoping for Qe8+.} Ng6 35. g3 (35. Rd1 $142) 35... Qd6 36. Nb6 Kh7 {...Qb4 is the strong threat.} 37. Qe3 Rd3 38. Qe4 Qd4 39. Qxd4 Rxd4 {[%mdl 4096] Endgame KRN-KRN} 40. Re2 a5 41. f4 f6 42. Kg2 Rb4 43. Nd7 Rxa4 44. Re8 Rd4 45. Rd8 $2 (45. Nc5) 45... Rd5 {Black is clearly winning.} 46. Kf3 h5 47. g4 hxg4+ 48. Kxg4 Kh6 49. b3 b5 50. f5 {[#]} Rd1 $2 {Precision: White = 44%, Black = 77%.} ({Better is} 50... Rxd7 $1 $19 51. Re8 (51. Rxd7 Ne5+) 51... Ne5+ 52. Kf4 Rd4+ 53. Ke3 Rd3+ 54. Kf4 Rf3+ 55. Ke4 Rxb3) 0-1

[Event "Norm Congress-GM 2018"]
[Site "Saint Louis"]
[Date "2018.02.11"]
[Round "6"]
[White "Tsolakidou, Stavroula"]
[Black "Gurevich, Daniel"]
[Result "1/2-1/2"]
[WhiteElo "2412"]
[BlackElo "2483"]
[Annotator "TA"]
[PlyCount "150"]
[EventDate "2018.??.??"]
[EventType "schev"]
[EventCountry "USA"]
[SourceTitle "playchess.com"]
[Source "ChessBase"]
[SourceQuality "1"]

{[%evp 10,149,13,12,27,23,60,43,36,25,66,72,70,32,52,27,25,29,25,14,41,41,44,34,37,38,41,20,47,30,29,31,31,33,33,21,21,29,23,0,0,-2,-6,-13,-22,-15,-14,-20,-26,-15,-17,-14,0,-15,-8,-10,-9,-64,-64,-62,-66,-72,-57,-96,-64,-64,-67,-68,-49,-263,-251,-414,-421,-426,-421,-406,-395,-319,-284,-320,-263,-285,-18,-18,0,0,0,0,0,0,0,0,0,0,0,-8,-8,-8,-7,-8,0,0,0,0,0,0,0,0,0,0,0,0,0,0,0,0,0,0,0,0,0,0,0,0,0,0,0,0,0,0,0,0,0,0,0,0,0,0,0,0,0,0]} 1. e4 c6 2. Nf3 d5 3. d3 dxe4 4. dxe4 Qxd1+ 5. Kxd1 Bg4 6. Be2 {LiveBook: 5 Games. B10: Caro-Kann: 2 d3 and 2 c4} (6. Be3 Nd7 7. Nbd2 e5 8. Bc4 Bc5 9. Ke2 Bxe3 10. Kxe3 Ngf6 11. h3 Bxf3 12. Nxf3 {1-0 (49) Ivanchuk,V (2747)-Vidit,S (2689) Doha 2016}) 6... Nf6 7. Nfd2 e5 8. f3 {White is slightly better.} Be6 9. Bc4 Bxc4 10. Nxc4 Nfd7 11. Ke2 Na6 12. Nbd2 $146 ({Predecessor:} 12. Rd1 Nac5 13. Be3 {1-0 (28) Todorov,T (2480)-Soors,S (2408) Belgium 2014}) 12... f6 13. Rd1 O-O-O 14. Nf1 Ndc5 15. Rxd8+ Kxd8 16. Be3 Be7 17. a4 b6 18. Nfd2 Nb4 19. Bxc5 Bxc5 20. c3 Na6 $1 21. b4 {[%cal Bb2b4,Bb4b5][%mdl 32]} Be7 22. Ne3 Nc7 23. Ndc4 Ne6 24. b5 Kc7 25. a5 Nf4+ 26. Kf1 Bc5 27. axb6+ axb6 28. g3 cxb5 29. gxf4 bxc4 30. Nxc4 $11 {[%mdl 4096] Endgame KRB-KRN} b5 31. Nb2 exf4 32. Nd3 Be3 33. Rb1 (33. Nb4 $11) 33... Kc6 $15 34. Ke2 Ra8 35. Nb4+ $1 Kc5 {White must now prevent ...Kc4.} 36. Nc2 Kc4 37. Nxe3+ fxe3 {KR-KR} 38. Rb4+ Kc5 $1 39. Rb2 $2 (39. Kxe3 $15 Ra3 40. Kd3) 39... Ra3 $19 40. Kd3 $2 (40. Rc2 {might work better.}) 40... g5 41. h3 h5 42. Rb1 h4 43. Rb2 Ra1 44. Rh2 Re1 45. Rg2 Rh1 $2 (45... Rd1+ $19 46. Kxe3 Rh1) 46. e5 $1 $11 {The position is equal.} fxe5 {[#] Threatens to win with ...e2.} 47. Rxg5 Kd6 48. Kxe3 Kd5 49. f4 Rxh3+ 50. Kd2 Kc4 51. fxe5 Rd3+ 52. Kc2 Rxc3+ 53. Kb2 Rb3+ (53... Rh3 $5 54. e6 $8 Rb3+ 55. Kc2 Re3 56. Rg4+ Kc5 $11) 54. Kc2 {[#] aiming for Rg4+.} Rg3 55. Rxg3 $1 hxg3 {KPP-KP} 56. e6 g2 57. e7 g1=Q 58. e8=Q {KQ-KQ} Qf2+ 59. Kb1 Qd2 {Strongly threatening ...Qd3+.} 60. Qe4+ Kb3 {[%cal Rd2d1]} 61. Qf3+ Qc3 62. Qd5+ Ka4 63. Qa8+ Kb4 64. Qe4+ Kb3 {[%csl Gb3][%cal Rc3b2]} 65. Qd5+ Qc4 66. Qf3+ Kb4 {And now ...Qb3+ would win.} 67. Qf8+ Kc3 68. Qf3+ Qd3+ (68... Kd2 {is more complex.} 69. Qf2+ Kd3 70. Qf3+ Kd4 71. Qf4+ Kc3) 69. Qxd3+ Kxd3 {KP-K} 70. Kb2 Kc4 {[%cal Bd3c4,Bc4c3,Bc3b3][%mdl 32] ...Kb4 is the strong threat.} (70... b4 $5) 71. Kc2 b4 {[%cal Bb5b4,Bb4b3,Bb3b2][%mdl 32]} 72. Kb2 b3 73. Kb1 Kc3 {( -> ...b2)} 74. Kc1 $2 {[%mdl 8192]} (74. Ka1 Kd4 75. Kb2) 74... b2+ 75. Kb1 Kb3 {Precision: White = 55%, Black = 63%.} 1/2-1/2

[Event "Norm Congress-GM 2018"]
[Site "Saint Louis"]
[Date "2018.02.11"]
[Round "7"]
[White "Vorontsov, Pavlo"]
[Black "Tsolakidou, Stavroula"]
[Result "1-0"]
[WhiteElo "2559"]
[BlackElo "2412"]
[Annotator "TA"]
[PlyCount "121"]
[EventDate "2018.??.??"]
[EventType "schev"]
[EventCountry "USA"]
[SourceTitle "playchess.com"]
[Source "ChessBase"]
[SourceQuality "1"]

{[%evp 19,121,16,8,12,22,22,53,15,43,32,27,13,16,6,19,0,-3,0,15,0,0,0,0,0,0,0,0,0,0,0,0,0,0,0,0,-15,0,0,0,-6,0,0,0,0,0,-1,-16,-85,-91,-93,0,0,0,0,0,0,0,0,0,0,0,0,0,0,0,0,0,0,183,168,266,273,241,156,134,83,92,27,83,88,89,89,98,81,78,27,27,13,395,408,495,477,29991,29992,29992,29993,29993,29994,29994,29995,29996,29997,29998,29999]} 1. Nf3 Nf6 2. d4 e6 3. c4 Bb4+ 4. Bd2 Qe7 5. Nc3 b6 6. e3 Bxc3 {E11: Bogo-Indian} (6... O-O 7. Bd3 Bb7 8. O-O a5 9. a3 Bxc3 10. Bxc3 Ne4 11. Be1 f5 12. Nd2 Ng5 13. f4 Nf7 14. e4 Nh6 15. Qe2 d6 16. Nf3 {1-0 (40) Shankland,S (2661)-Saric,I (2660) Biel 2016}) 7. Bxc3 Ne4 8. Rc1 Bb7 9. Be2 O-O 10. O-O d6 {LiveBook: 6 Games} 11. Be1 Nd7 12. Nd2 f5 13. f3 $146 ({Find the theoretical novelty and annotate with similar games:} 13. Nb3 c5 14. f3 {0-1 (45) Trikaliotis,G (2195)-Sula,Z (2330) Crete 1996}) 13... Nef6 14. Qc2 c5 15. dxc5 dxc5 16. Nb1 Nh5 17. f4 Nhf6 18. Bh4 Qf7 19. Nc3 Ne4 20. Bf3 {[%cal Rc3e4]} Ndf6 21. Bxf6 Nxf6 22. Bxb7 Qxb7 23. Rcd1 Rad8 24. Rd3 Kf7 25. Rfd1 Ke7 26. h3 Qc6 27. Qd2 {[%cal Rd3d8]} Rxd3 28. Qxd3 Rg8 29. Ne2 Ne4 30. Nc3 Nf6 31. Ne2 h6 32. Qa3 a5 33. Nd4 (33. Qd3 $11) 33... Qe4 $17 {Hoping for ...g5.} 34. Nf3 Rd8 ({Don't play} 34... Qxc4 $6 35. Ne5 $11) (34... g5 $1 $17 {[%cal Rg5g4]} 35. fxg5 hxg5) 35. Rxd8 $11 Kxd8 36. Qb3 $36 {[%mdl 2048] White fights for an advantage.} Kc7 37. Nd2 Qc6 (37... a4 {NOTEXT} 38. Qc3 Qc6 39. Kf2 Qd7 40. Ke2 Kb7) 38. Qc3 Qd7 39. Kf1 Kd8 40. Ke2 Ke8 41. Qe5 Qc6 42. Qb8+ Kf7 43. Nf3 {Ne5+ would kill now.} Nd7 $2 (43... Ke7 $1 $11) 44. Qd8 $18 Qa4 (44... Qb7 $142 45. a4 Qc6) 45. Kf2 Qc6 46. Kg3 Qb7 47. Kh4 ({Better is} 47. b3) 47... Nf8 $16 48. Ne5+ Kg8 49. g3 $1 g5+ 50. Kh5 Qg7 51. Qe8 {Strongly threatening Ng6.} gxf4 52. gxf4 (52. exf4 $16 Kh7 53. g4) 52... Kh7 $11 53. a3 a4 $2 {[%mdl 8192]} (53... Qg2 $11 {and Black is okay.} 54. Qe7+ Qg7) 54. Qxa4 $18 Qg2 {[%cal Rg2h3]} 55. Qa7+ Kh8 (55... Qg7 $18 56. Qxb6 Nd7 57. Qxe6 Nxe5 58. Qxe5 Qd7) 56. Nf7+ {White mates.} Kg8 57. Nxh6+ Kh8 {[#]} 58. Nf7+ $1 Kg8 {[#]} 59. Ng5 $1 Kh8 60. Qf7 {[%cal Rf7f8]} Qa8 61. Kh6 {Precision: White = 67%, Black = 54%.} 1-0

[Event "Norm Congress-GM 2018"]
[Site "Saint Louis"]
[Date "2018.02.11"]
[Round "7"]
[White "Paragua, Mark"]
[Black "Khamrakulov, Djurabek"]
[Result "1-0"]
[WhiteElo "2513"]
[BlackElo "2496"]
[Annotator "TA"]
[PlyCount "63"]
[EventDate "2018.??.??"]
[EventType "schev"]
[EventCountry "USA"]
[SourceTitle "playchess.com"]
[Source "ChessBase"]
[SourceQuality "1"]

{[%evp 17,63,12,43,9,27,-27,-47,-26,-35,-85,5,0,70,81,186,174,269,272,356,346,259,216,635,635,627,633,597,616,604,617,542,317,309,316,315,310,310,304,337,330,625,631,957,854,2700,1105,29939,29946]} 1. d4 d5 2. c4 dxc4 3. Nf3 Nf6 4. Nc3 a6 5. e4 b5 6. e5 Nd5 7. a4 Nxc3 8. bxc3 Bb7 9. e6 f6 10. Be3 {D24: Queen's Gambit Accepted: 3 Nf3 Nf6 4 Nc3} (10. Be2 Qd5 11. O-O Qxe6 12. Re1 Qf7 13. Nh4 b4 14. Nf5 a5 15. Bf3 Nc6 16. Nh6 {1-0 (16) Gormally,D (2488)-Granda Zuniga,J (2674) Douglas 2014}) 10... Qd5 11. axb5 $146 ({Better is} 11. Nd2) ({Predecessor:} 11. Qb1 Nc6 12. axb5 axb5 13. Rxa8+ Bxa8 14. Be2 Nd8 15. Ng5 fxg5 16. Bf3 Qxe6 17. Bxa8 c6 {½-½ (27) Griego,D (2399)-Hertan,C (2468) USA 1987}) 11... axb5 $11 12. Rxa8 {Black is slightly better.} Bxa8 13. Qb1 Na6 ({Black should try} 13... Nc6 $17) 14. Nd2 c6 (14... g6 $11) 15. Nxc4 $1 $14 {aiming for Nb6.} bxc4 (15... Qxe6 $16 16. Nb6 Bb7) 16. Qa2 $1 $18 {[%cal Ra2a6]} Bb7 (16... Nc7 $142) 17. Bxc4 Qxg2 18. Rf1 Qe4 ({But not} 18... Qxh2 19. Bxa6 Qc7 20. d5 $1 $18 {[%mdl 512]}) 19. Kd2 g6 $2 (19... Bc8) 20. Rb1 $1 {[%cal Rb1b7]} Bc8 {[#]} 21. Qxa6 $1 {[%cal Ra6c8][%mdl 512]} Bxe6 {[#]} (21... Bxa6 22. Rb8+) 22. f3 $1 {[%cal Rf3e4][%mdl 512]} Qf5 (22... Qxf3 23. Bxe6) 23. Qxc6+ Kf7 {If Black can now play ...Bxc4 this consolidates a bit.} 24. Bxe6+ Qxe6 25. Qxe6+ Kxe6 {[%mdl 4096] Endgame KRB-KRB} 26. c4 {[%cal Bc3c4,Bc4c5,Bc5c6,Bc6c7][%mdl 32]} Bg7 27. d5+ Kf7 28. Rb7 Re8 $2 (28... Rc8 29. d6 Ke6 30. Rxe7+ Kxd6 31. Rxg7 Rxc4 32. Rxh7 Ke5) 29. c5 Kf8 30. c6 f5 {[#]} 31. Bf4 (31. d6 $142 $1 {[%mdl 512]} Be5 (31... exd6 32. c7) 32. d7) 31... g5 32. c7 {Precision: White = 70%, Black = 15%.} 1-0

[Event "Norm Congress-GM 2018"]
[Site "Saint Louis"]
[Date "2018.02.11"]
[Round "7"]
[White "Chandra, Akshat"]
[Black "Bartholomew, John"]
[Result "0-1"]
[WhiteElo "2510"]
[BlackElo "2472"]
[Annotator "TA"]
[PlyCount "70"]
[EventDate "2018.??.??"]
[EventType "schev"]
[EventCountry "USA"]
[SourceTitle "playchess.com"]
[Source "ChessBase"]
[SourceQuality "1"]

{[%evp 22,70,25,0,53,51,42,40,59,32,41,16,19,46,65,78,97,95,90,96,100,61,64,15,19,30,141,143,153,160,136,133,121,119,181,192,181,187,183,0,0,0,0,0,0,-27,-38,-34,-29,-6701,-6657]} 1. e4 c5 2. Nf3 d6 3. d4 cxd4 4. Nxd4 Nf6 5. Nc3 Nc6 6. Bg5 e6 7. Qd2 a6 8. O-O-O Bd7 9. f3 h6 10. Be3 b5 11. Nxc6 Bxc6 12. Ne2 e5 {B66: Sicilian: Richter-Rauzer: 7...a6 8 0-0-0 h6} (12... Bb7 $11) 13. Nc3 $14 Be7 14. Kb1 Rb8 {White is slightly better.} 15. g4 {[%cal Bg2g4,Bg4g5][%mdl 32]} b4 16. Nd5 Nxd5 17. exd5 Bb5 18. h4 O-O $146 ({Don't blunder} 18... Bxh4 $2 19. g5 $18) ({Predecessor:} 18... Bxf1 19. Rdxf1 h5 20. g5 {1-0 (51) Zezulkin,J (2523)-Jaworski,M (2381) Czechia 2002}) 19. g5 h5 20. f4 exf4 21. Bxf4 (21. Bd4 {is more complex.} Qc8 22. Qxf4 Qg4 23. Qd2 Rfe8 24. Rg1) 21... g6 22. Bxb5 Rxb5 23. Rhe1 $36 {[%mdl 2048] White fights for an advantage.} Qd7 (23... Qc7 $1 $11) 24. Qe2 $1 $16 {[%cal Re2e7]} Bd8 25. b3 Rc5 26. Qe4 a5 27. Bc1 Bb6 {[#]} (27... Rc7 $16) 28. Bb2 $1 $18 {Black must now prevent Qd4.} Rcc8 {[#]} 29. Qf4 $1 {[%cal Rf4f6] And now Qf6 would win.} Qf5 30. Qxf5 $2 ({Only move:} 30. Qxd6 $18 Rxc2 31. Qf6 Rh2+ 32. Qxf5 gxf5 33. d6 Rxh4 34. d7) 30... gxf5 $11 31. Rf1 Rfe8 32. Rxf5 Re2 33. Rdf1 Rcxc2 34. Ba1 {Hoping for g6.} Rf2 35. Rxf7 $2 {[%mdl 8192]} (35. R5xf2 $11 Rxf2 36. Rc1) 35... Kxf7 {Precision: White = 66%, Black = 52%.} 0-1

[Event "Norm Congress-GM 2018"]
[Site "Saint Louis"]
[Date "2018.02.11"]
[Round "7"]
[White "Gurevich, Daniel"]
[Black "Boros, Denes"]
[Result "1/2-1/2"]
[WhiteElo "2483"]
[BlackElo "2445"]
[Annotator "TA"]
[PlyCount "32"]
[EventDate "2018.??.??"]
[EventType "schev"]
[EventCountry "USA"]
[SourceTitle "playchess.com"]
[Source "ChessBase"]
[SourceQuality "1"]

{[%evp 9,32,0,25,27,41,23,26,19,39,37,31,18,25,5,13,0,3,0,14,0,0,-12,-7,-8,-3]} 1. d4 Nf6 2. Nf3 d5 3. Bf4 Bf5 4. c4 e6 5. e3 a6 (5... Bxb1 $5 6. Qxb1 Bb4+ 7. Kd1 Bd6 $11) (5... Bxb1 6. Qxb1 Bb4+ 7. Kd1 Bd6 8. Bg5 h6 9. Bxf6 Qxf6 10. cxd5 exd5 11. e4 Be7 12. Bb5+ c6 13. e5 Qf4 {1-0 (75) Carlsen,M (2834)-So,W (2792) Wijk aan Zee 2018}) 6. Qb3 {D02: 1 d4 d5 2 Nf3 sidelines, including 2...Nf6 3 g3 and 2...Nf6 3 Bf4} Ra7 7. cxd5 $146 ({Predecessor:} 7. Nc3 c5 8. cxd5 Nxd5 9. Nxd5 Qxd5 10. Qxd5 exd5 11. Bxb8 Ra8 12. Bf4 {1-0 (20) Kuhn,H (2227)-Farinas Lucas,J (1893) ICCF email 2010}) 7... exd5 8. Nc3 {White has an edge.} Be7 9. Be2 O-O 10. O-O c6 11. h3 Nbd7 {The position is equal.} 12. Rfc1 Re8 13. Qd1 Ne4 14. Nxe4 Bxe4 15. Bd3 Bxd3 16. Qxd3 Ra8 {Precision: White = 36%, Black = 52%.} 1/2-1/2